ბათუმის შოთა რუსთაველის სახელმწიფო უნივერსიტეტის ბიბლიოთეკა

ემიგრანტები ; ნევზოროვის თავგადასავალი ანუ იბიკუსი (ბიბ.ჩანაწერი № 49734)

000 -LEADER
fixed length control field 00873nam a2200205Ia 4500
001 - CONTROL NUMBER
control field 16669
003 - CONTROL NUMBER IDENTIFIER
control field GE_BSU
008 - FIXED-LENGTH DATA ELEMENTS--GENERAL INFORMATION
fixed length control field 181216s||||||||xx |||||||||||||| ||und||
040 ## - CATALOGING SOURCE
Transcribing agency GE_BSU
245 ## - TITLE STATEMENT
Title ემიგრანტები ; ნევზოროვის თავგადასავალი ანუ იბიკუსი
245 ## - TITLE STATEMENT
Remainder of title რომანები
245 ## - TITLE STATEMENT
Statement of responsibility, etc. თარგმნა აკაკი ბრეგაძემ. რედ.ლ.ალიმონაკი. მხ.გ.წერეთელი
260 ## - PUBLICATION, DISTRIBUTION, ETC.
Place of publication, distribution, etc. თბილისი
260 ## - PUBLICATION, DISTRIBUTION, ETC.
Name of publisher, distributor, etc. მერანი
260 ## - PUBLICATION, DISTRIBUTION, ETC.
Date of publication, distribution, etc. 1988
300 ## - PHYSICAL DESCRIPTION
Extent 469 გვ. ; 19 სმ.
653 ## - INDEX TERM--UNCONTROLLED
Uncontrolled term ემიგრანტები ; ნევზოროვის თავგადასავალი ანუ იბიკუსი
653 ## - INDEX TERM--UNCONTROLLED
Uncontrolled term რომანები
942 ## - ADDED ENTRY ELEMENTS (KOHA)
Koha item type წიგნი
ეგზემპლარები
Withdrawn status Lost status Damaged status Not for loan Date acquired Barcode Date last seen Price effective from Koha item type
        2018-12-17 22096 2018-12-17 2018-12-17 წიგნი